| 000 | 00686nam a2200193 a 4500 | ||
|---|---|---|---|
| 001 | 000037652 | ||
| 005 | 20201002031110.0 | ||
| 008 | 121024s2011 pr ac 000 0 spa d | ||
| 020 | _a9780983007401 | ||
| 040 |
_aDO-SdBNP _bspa _cBNPHU |
||
| 082 |
_axxx _bxxx |
||
| 100 | 1 |
_aSerra Deliz, Wenceslao _964124 |
|
| 245 | 1 | 3 |
_aLa memoria que no cesa / _cWenceslao Serra Deliz. |
| 260 |
_aSan Juan, Puerto Rico : _bLos libros de la Iguana, _c2011. |
||
| 300 |
_a392 p. : _bil., retr. ; _c22 cm. |
||
| 500 | _aIncluye notas al pie de las páginas | ||
| 500 | _aIncluye datos biográficos del autor en la contracubierta | ||
| 500 | _aLa biblioteca posee un ejemplar autobiografiado por el autor | ||
| 999 |
_c37142 _d37142 |
||